Routledge companion to Shen Congwen / (Record no. 31666)

000 -LEADER
fixed length control field 01535cam a2200313 i 4500
001 - CONTROL NUMBER
control field 20678191
005 - DATE AND TIME OF LATEST TRANSACTION
control field 20230715133714.0
008 - FIXED-LENGTH DATA ELEMENTS--GENERAL INFORMATION
fixed length control field 180921s2019 enk b 001 0 eng
010 ## - LIBRARY OF CONGRESS CONTROL NUMBER
LC control number 2018040091
020 ## - INTERNATIONAL STANDARD BOOK NUMBER
International Standard Book Number 9780815368861 (hardcover)
040 ## - CATALOGING SOURCE
Original cataloging agency DLC
Language of cataloging eng
Transcribing agency DLC
Description conventions rda
Modifying agency DLC
041 1# - LANGUAGE CODE
Language code of text/sound track or separate title eng
Language code of original chi
042 ## - AUTHENTICATION CODE
Authentication code pcc
050 00 - LIBRARY OF CONGRESS CALL NUMBER
Classification number PL 2801.R68 2019
082 00 - DEWEY DECIMAL CLASSIFICATION NUMBER
Classification number 895.18/5109
Edition number 23
130 0# - MAIN ENTRY--UNIFORM TITLE
Uniform title Quan qiu shi ye xia de Shen Congwen.
Language of a work English.
245 10 - TITLE STATEMENT
Title Routledge companion to Shen Congwen /
Statement of responsibility, etc. edited by Zhou Gang, Chen Sihe, Zhang Xinying, and Jeffrey C. Kinkley ; translated by Jeffrey C. Kinkley, Zhou Gang, etc.
300 ## - PHYSICAL DESCRIPTION
Extent x, 306 pages ;
Dimensions 26 cm.
490 0# - SERIES STATEMENT
Series statement Chinese literature series from a global perspective
504 ## - BIBLIOGRAPHY, ETC. NOTE
Bibliography, etc Includes bibliographical references and index.
600 10 - SUBJECT ADDED ENTRY--PERSONAL NAME
Personal name Shen, Congwen,
Dates associated with a name 1902-1988
General subdivision Criticism and interpretation.
700 1# - ADDED ENTRY--PERSONAL NAME
Personal name Zhou, Gang,
Dates associated with a name 1966-
Relator term editor.
700 1# - ADDED ENTRY--PERSONAL NAME
Personal name Kinkley, Jeffrey C.,
Dates associated with a name 1948-
Relator term editor.
700 1# - ADDED ENTRY--PERSONAL NAME
Personal name Chen, Sihe,
Relator term editor.
776 08 - ADDITIONAL PHYSICAL FORM ENTRY
Relationship information Online version:
Place, publisher, and date of publication London ; New York, NY : Routledge, 2019
International Standard Book Number 9781351253727
Record control number (DLC) 2018051164
906 ## - LOCAL DATA ELEMENT F, LDF (RLIN)
a 7
b cbc
c orignew
d 1
e ecip
f 20
g y-gencatlg
942 ## - ADDED ENTRY ELEMENTS (KOHA)
Source of classification or shelving scheme
Koha item type Hard Covered Materials
Classification part PL 2801.R68 2019
Holdings
Withdrawn status Lost status Source of classification or shelving scheme Damaged status Not for loan Home library Current library Shelving location Date acquired Source of acquisition Total Checkouts Full call number Barcode Date last seen Price effective from Koha item type
          MACHAKOS UNIVERSITY LIBRARY MACHAKOS UNIVERSITY LIBRARY Open shelf 15/07/2023 Donation (falcon books)   PL 2801.R68 2019 39471 03/07/2023 15/07/2023 Hard Covered Materials
© Machakos University Library, Along The Highway, Machakos Wote Rd, Machakos, Kenya P.O. Box 136 - 90100 Machakos - Kenya

Tel: ( +254 ) 723 805829 OR Fax : 044-20353 OR Email: library@mksu.ac.ke